00398nam a2200157Ia 4500001000500000005001700005008004100022041000800063082001500071100004500086245005600131260000900187300002800196650000800224654000800232953720260306161725.0260306t2002||||xx |||||||||||||| ||spa|| aESP a381.3bB45 aBermúdez Gonzáles, Guillermo J.eAUT 0aLa franquicia:belementos, relaciones y estrategias c2002 a289 páginas :c24 cm. aGEN aCHU